000 01617cam a22004694i 4500
003 PE-LiUPU
005 20250731173540.0
008 150616s r 000 0 d
020 _a0800624920
035 _a(Sirsi) i9780800624927
040 _aPE-LiUPU
_bspa
_cPE-LiUPU
_erda
049 _aPRUA
082 0 4 _a264.001
_bK36
_221
100 1 _aKeifert, Patrick R.,
_eautor.
245 1 0 _aWelcoming the Stranger /
_cPatrick R. Keifert.
264 1 _aMinneapolis :
_bFortress Press,
_c1992.
300 _a170 páginas ;
_c21 centímetros
336 _atext
_2rdacontent
337 _aunmediated
_2rdamedia
338 _avolume
_2rdacarrier
504 _aBibliografía: páginas 159-170.
505 0 _aPublic worship in an intimate society.- Undercurrents of individualism.- Undercurrents and liturgical renewal.- Liturgical evangelism.- Ritual as hospitality.
526 _aSEG42
526 _aSEG41
526 _aSEG40
526 _aSEG39
526 _aP94
526 _aP87
526 _aP86
526 _aP85
526 _aP77
526 _aP76
526 _aP35
650 0 4 _aAdoración
_xTEOLOGIA.
910 _ajck
_bjvq
_cjck
942 _2ddc
_cBOOK
949 _a264.001 K36
_wDEWEY
_c1
_i42582
_lCCODEBUL1
_mBUL
_r0
_sY
_tBOOK
_u2015-6-16
_xTEOLOGIA
_zUNKNOWN
_0COMPRA
_o.STAFF. Colección General
994 _aC0
_bPEPRU
596 _a1
999 _a264.001 K36
_wDEWEY
_c60418
_i42582
_f2021-11-10
_g5
_lCCODEBUL1
_mBUL
_r0
_sY
_tBOOK
_u2015-6-16
_xTEOLOGIA
_zUNKNOWN
_0COMPRA
_o.STAFF. Colección General
_d60418
980 _81
_gALBERTO SANCHEZ Responsable de Automatización